|
|
|
|
| LEADER |
01073nam a2200265 a 4500 |
| 001 |
12935267 |
| 008 |
120703s2003 enkab b 001 0 eng d |
| 010 |
|
|
|a 2002035261
|
| 020 |
|
|
|a 1403901066 (pbk.)
|
| 020 |
|
|
|a 9781403901064
|
| 040 |
|
|
|a DLC
|c DLC
|d DLC
|d BD-DhAAL
|
| 082 |
0 |
0 |
|a 410/.71
|2 21
|
| 100 |
1 |
|
|a Finch, Geoffrey.
|
| 245 |
1 |
0 |
|a How to study linguistics :
|b a guide to understanding language /
|c Geoffrey Finch.
|
| 250 |
|
|
|a 2nd ed.
|
| 260 |
|
|
|a Houndmills, Basingstoke, Hampshire ;
|a New York :
|b Palgrave Macmillan,
|c 2003.
|
| 300 |
|
|
|a x, 249 p. :
|b ill., 1 map ;
|c 22 cm.
|
| 490 |
|
0 |
|a Palgrave study guides
|
| 504 |
|
|
|a Includes bibliographical references (p. 242-243) and index.
|
| 541 |
|
|
|a 00025517
|
| 650 |
|
0 |
|a Linguistics
|x Study and teaching.
|
| 650 |
|
0 |
|a Linguistic analysis (Linguistics)
|
| 852 |
1 |
|
|a Ayesha Abed Library
|j General shelf
|
| 999 |
|
|
|c 12462
|d 12462
|
| 952 |
|
|
|0 0
|1 0
|4 0
|6 410_710000000000000_FIN
|7 0
|9 20617
|a BRACUL
|b BRACUL
|c GEN
|d 2012-07-03
|e Karim International
|g 2280.00
|l 6
|m 16
|o 410.71 FIN
|p 3010025517
|r 2025-07-11
|s 2025-07-07
|t 1
|w 2012-07-04
|y BK
|